Educación ambiental

Gespeichert in:
Bibliographische Detailangaben
1. Verfasser: Velásquez de Castro, Federico (VerfasserIn)
Format: Buch
Sprache:Spanisch
Veröffentlicht: Madrid Narcea 1995
Schriftenreihe:Temas Transversales. Materiales 12-16 para Educación Secundaria
Schlagworte:
Tags: Tag hinzufügen
Keine Tags, Fügen Sie den ersten Tag hinzu!

MARC

LEADER 00000nam a2200000 a 4500
001 UCN4479
003 CL-VaPUC
008 010803e19950000SP |||||||||||||||||spa|d
082 0 4 |a 333.70712  |b VEL  |2 21 
100 0 |a Velásquez de Castro, Federico  |e author  |9 460944 
245 1 0 |a Educación ambiental 
300 |a 3 v 
942 |c BK 
945 |d 20010803 00:00:00  |a cmena 
260 |a Madrid  |b Narcea  |c 1995 
500 |a v.1: Planteamiento de la educación ambiental 
500 |a v.2: Transversalidad de la educación ambiental 
500 |a v.3: Experiencias, actividades y materiales 
650 0 |a Educación ambiental  |9 262920 
650 0 |a Medio ambiente  |9 257625 
650 0 |a Protección del medio ambiente  |9 257626 
650 0 |a Métodos de enseñanza  |9 270413 
583 |a last modification  |c 20010803 00:00:00  |k Rodrigo Vera 
490 0 |a Temas Transversales. Materiales 12-16 para Educación Secundaria 
999 |c 296716  |d 296714